| 000 | 00868nam a2200277 a 4500 | ||
|---|---|---|---|
| 999 |
_c7513 _d7513 |
||
| 001 | 991017990779706706 | ||
| 003 | OSt | ||
| 005 | 20211209133042.0 | ||
| 008 | 941122s1978 spco || 001 |bspa|c | ||
| 017 | _aDL B. 40768-1978 | ||
| 020 | _a8423309770 | ||
| 035 | _a(ES-BaCBU)b1452983x-34csuc_network | ||
| 035 | _a(ES-BaCBU).b1452983x | ||
| 035 | _a(ccuc001)b1452983x | ||
| 035 | _a(OCoLC)803400579 | ||
| 040 |
_aES-BaCBU _bcat _cCDMR |
||
| 080 | _a920.21 | ||
| 100 | 1 | _aGiménez-Arnau, J. A., | |
| 245 | 1 | 0 |
_aMemorias de memoria : _bdescifre vuecencia personalmente / _cJ. A. Giménez-Arnau |
| 260 |
_aBarcelona : _bDestino, _c1978 |
||
| 300 |
_a378 p., [36] p. de làm. : _bil. ; _c25 cm. |
||
| 504 | _aÍndex | ||
| 907 |
_a.b1452983x _b22-06-21 _c07-05-08 _d22-11-94 _em _fa _g- _hspa _ispc _j0 _k5 |
||
| 908 |
_aBMON _aBC _aUAB _aUB _aUdG _aURV |
||
| 942 |
_2udc _cMON |
||